Potkanov je neúrekom, celé Košice idú deratizovať naraz

Bibliographic Details
Main Author: Danková, Elena (Author)
Format: Article
Language:Slovak
PhysicalDescription:Fotografia
ISSN:2585-7355
Subjects:
Online Access:https://kosice.korzar.sme.sk/c/23389113/potkanov-je-neurekom-cele-mesto-idu-deratizovat-naraz-zobudili-sa-neskoro-tvrdi-odbornik.html

MARC

LEADER 00000nab a2200000u 4500
001 vtls012264453
003 SK-MaSNL
005 20260304003014.0
008 240930|20240926xo ||||||| || ||slo|
038 |a KEVKJB 
040 |a KEVKJB  |b slo  |e rda 
041 0 |a slo 
043 |a e-xo--- 
044 |a xo  |c SK 
072 7 |a 614  |x Verejné zdravie a hygiena  |2 konspekt 
080 |a 614.449  |2 2011 
100 1 |a Danková, Elena  |4 aut  |9 1089718 
245 1 0 |a Potkanov je neúrekom, celé Košice idú deratizovať naraz  |c Elena Danková 
300 |b Fotografia 
336 |a text  |b txt  |2 rdacontent 
337 |a bez média  |b n  |2 rdamedia 
338 |a zväzok  |b nc  |2 rdacarrier 
610 1 7 |a Košice (Slovensko).  |b Mestské zastupiteľstvo  |2 SNKKA  |9 94952 
650 0 7 |a deratizácia  |2 SNKPH  |9 15137 
650 0 7 |a potkany  |2 SNKPH  |9 19439 
650 0 7 |a všeobecne záväzné nariadenia  |2 kevkjb  |9 407149 
651 7 |a Košice (Slovensko)  |2 SNKPHgeo  |9 18694 
773 0 |t Korzár - SME  |g Roč. XXVII., č. 187 (26.9.2024), s. 3  |x 2585-7355 
852 |a KEVKJB  |b KIS3GCP 
856 4 1 |u https://kosice.korzar.sme.sk/c/23389113/potkanov-je-neurekom-cele-mesto-idu-deratizovat-naraz-zobudili-sa-neskoro-tvrdi-odbornik.html 
999 |c 2544913  |d 2546843